El señor de los anillos: las dos torres (Registro nro. 2973)
[ vista simple ]
| 000 -Cabecera | |
|---|---|
| Campo de control de longitud fija | 00555aam a2200217 4500 |
| 005 - Fecha y hora de la última transacción | |
| Campo de control | 20241017093449.0 |
| 008 - Elementos de longitud fija--Información general | |
| Campo de control de longitud fija | 150622b xxu||||| |||| 00| 0 spa d |
| 020 ## - International Standard Book Number | |
| Número Internacional Estándar del Libro (ISBN) | 9786070712739 |
| 041 ## - Idioma | |
| Código de idioma | Español |
| 082 ## - Clasificación Decimal Dewey | |
| Número de clasificación | 823.912 T649sd |
| 100 ## - Entrada principal--Autor personal | |
| Nombre personal | Tolkien, John Ronald Reuel |
| 245 ## - Título propiamente dicho | |
| Título | El señor de los anillos: las dos torres |
| 260 ## - Pie de imprenta | |
| Lugar de publicación, distribución, etc. | México |
| 260 ## - Pie de imprenta | |
| Nombre del editor, distribuidor, etc. | Planeta Mexicana |
| 260 ## - Pie de imprenta | |
| Fecha de publicación, distribución, etc. | 2012 |
| 300 ## - Descripción física | |
| Extensión | 476 páginas |
| 440 ## - Declaración de serie/asiento adicional--título | |
| Título de la serie | El señor de los anillos |
| 650 ## - Materia general | |
| Temática (materia general) | LITERATURA INGLESA |
| 650 ## - Materia general | |
| Temática (materia general) | NOVELA INGLESA |
| 942 ## - Punto de acceso adicional KOHA | |
| Tipo de ítem KOHA | Literatura |
| Fuente del sistema de clasificación o colocación | Dewey Decimal Classification |
| Signatura completa | Código de barras | En préstamo | Tipo de ítem |
|---|---|---|---|
| 823.912 T649sd | 17633 | 20/05/2026 | Literatura |